000 01362cab a22002295a 4500
001 L142431
008 080214s2008 xxk f 000 0 eng d
035 _a(Sirsi) u142431
041 0 _aeng
100 1 _aAlexander, Anthony
245 0 0 _aDensity and value
_bhow much development can a regeneration project support and still make good places? Answer: it all depends on the local context
260 _c2007
490 _aJournal of Urban Regeneration and Renewal
_v1(1), 83-95(12)
520 _aAppraises the extent to which a knowledge of local characteristics is important when planning for sustainable development of communities. Argues that measures relating to the planning of housing density must be complemented with an understanding of local context. PPS3 reflects the need to target residential density to local character. A failure to respect these aspects has led to local additions which have become dysfunctional within their communities. Issues such as movement patterns and flexibility of the urban form should be considered when developing community plans.
590 _aKA
650 2 4 _aPLANNING POLICY STATEMENT 3
651 4 _aUnited Kingdom
_y
690 _aENVIRONMENTAL AND LAND CONSULTANCY-SUSTAINABILITY-SUSTAINABLE DEVELOPMENT
690 _aPROPERTY-PROPERTY MANAGEMENT-REGENERATION
700 1 _aMorton, Andrew
942 _n0
999 _c79814
_d79814